[Event "Rubinstein Memorial-A 54th"]
[Site "Polanica Zdroj"]
[Date "2018.08.22"]
[Round "5"]
[White "Pawicka, Magdalena"]
[Black "Lemanski, Piotr"]
[Result "1/2-1/2"]
[WhiteElo "1647"]
[BlackElo "1838"]
[PlyCount "115"]
[EventDate "2018.08.18"]
[EventType "swiss"]
[EventRounds "9"]
[EventCountry "POL"]
[SourceTitle "CBM 186 Extra"]
[Source "ChessBase"]
[SourceDate "2018.08.24"]
[SourceVersion "1"]
[SourceVersionDate "2018.08.24"]
[SourceQuality "1"]

1. e4 e5 2. Nf3 Nc6 3. d4 exd4 4. Nxd4 Qf6 5. Be3 Bc5 6. c3 Nge7 7. Qd2 d5 8. Nb5 Bxe3 9. Qxe3 0-0 10. Nxc7 Rb8 11. Bd3 dxe4 12. Bxe4 Qe5 13. Bxc6 Qxe3+ 14. fxe3 bxc6 15. b4 Rd8 16. Na3 Bb7 17. b5 cxb5 18. Ncxb5 Bxg2 19. Rg1 Be4 20. Rd1 Rxd1+ 21. Kxd1 a6 22. Nd4 Rb2 23. Rg5 f5 24. Nc4 Rxa2 25. Nd6 Bd3 26. N6xf5 Nxf5 27. Nxf5 g6 28. Nd6 Rxh2 29. c4 Rh5 30. Rxh5 gxh5 31. c5 Kf8 32. c6 Bf1 33. c7 Bh3 34. c8Q+ Bxc8 35. Nxc8 Kf7 36. Ke2 Ke6 37. Kf3 h4 38. Kg4 Ke5 39. Kxh4 Ke4 40. Kh5 Kxe3 41. Kh6 Kd4 42. Nb6 Kc5 43. Na4+ Kb4 44. Nb6 Kb5 45. Nd5 Kc5 46. Nc3 a5 47. Kxh7 Kc4 48. Na4 Kb4 49. Nb6 Kb5 50. Nd5 Kc5 51. Nc3 Kb4 52. Nd5+ Kb5 53. Kg6 Kc5 54. Nc3 Kb4 55. Nd5+ Kb3 56. Nb6 Kb4 57. Kf5 Kb5 58. Nd5 1/2-1/2

[Event "Rubinstein Memorial-A 54th"]
[Site "Polanica Zdroj"]
[Date "2018.08.21"]
[Round "4"]
[White "Lemanski, Piotr"]
[Black "Kruczynski, Marek"]
[Result "1-0"]
[WhiteElo "1838"]
[BlackElo "1786"]
[PlyCount "77"]
[EventDate "2018.08.18"]
[EventType "swiss"]
[EventRounds "9"]
[EventCountry "POL"]
[SourceTitle "CBM 186 Extra"]
[Source "ChessBase"]
[SourceDate "2018.08.24"]
[SourceVersion "1"]
[SourceVersionDate "2018.08.24"]
[SourceQuality "1"]

1. e4 c6 2. d4 g6 3. f4 d5 4. e5 h5 5. Bd3 Nh6 6. Nf3 Nf5 7. c3 Qb6 8. Qe2 e6 9. Ng5 h4 10. Nd2 c5 11. dxc5 Qxc5 12. Nb3 Qc7 13. Nd4 Nxd4 14. cxd4 Bb4+ 15. Kf2 a6 16. Qg4 Qe7 17. Be3 Nc6 18. Rac1 Bd7 19. g3 hxg3+ 20. hxg3 0-0-0 21. Qe2 Rxh1 22. Rxh1 Be8 23. Rh7 Ba5 24. Bxg6 Bb6 25. Bxf7 Bxf7 26. Rxf7 Qb4 27. Nxe6 Rh8 28. Kf3 Kb8 29. a3 Qb3 30. Kg2 Qa4 31. Qd3 Nd8 32. Nxd8 Rxd8 33. e6 Rc8 34. e7 Ka7 35. Rf8 Re8 36. Rxe8 Qxe8 37. Qh7 Qb5 38. Qh5 Qxb2+ 39. Kh3 1-0